[Event "IECC CL3-2001.22"]
[Site "IECC email"]
[Date "2001.06.23"]
[Round "?"]
[White "Elcoate, Ian"]
[Black "Tartarin, Didier"]
[Result "1-0"]
[WhiteElo "1782"]
[BlackElo "1864"]
[PlyCount "35"]
[EventDate "2001.??.??"]
[EventType "tourn (corr)"]
[EventRounds "4"]
[SourceTitle "Corr 2008"]
[Source "ChessBase"]
[SourceDate "2008.06.24"]
[SourceVersion "1"]
[SourceVersionDate "2008.06.24"]
[SourceQuality "1"]

1. e4 d6 2. d4 Nf6 3. Nc3 g6 4. f4 Bg7 5. Nf3 c5 6. Bb5+ Nbd7 7. e5 dxe5 8. fxe5 Ng4 9. e6 fxe6 10. Ng5 0-0 11. Nxe6 Nf2 12. Qe2 Qa5 13. 0-0 cxd4 14. Nxf8 Nxf8 15. Nd5 Bg4 16. Qxf2 Qxb5 17. Qf7+ Kh8 18. Nc7 1-0